| 000 | 01462nam a2200229Ia 4500 | ||
|---|---|---|---|
| 003 | Ost | ||
| 005 | 20260507075526.0 | ||
| 008 | 260507s9999||||xx |||||||||||||| ||und|| | ||
| 040 | _cfsecg | ||
| 041 | _aara | ||
| 082 | _a657 | ||
| 100 |
_aالججاوي، طلال محمد علي _eمؤلف |
||
| 245 | 0 |
_aمراقبة الحسابات ودوره في التحقيق من الخصائص النوعية للمعلومات المحاسبية / _c طلال محمد علي الججاوي |
|
| 260 |
_aعمان: _bدار الايام للنشر والتوزيع, _c2017 |
||
| 300 |
_a371 صفحة؛ _bإيضاحات ؛ _c25 سم |
||
| 504 | _aببليوغرافيا:ص.361 | ||
| 520 | _aالمعلومات المحاسبية في القوائم المالية -إعداد وعرض القوائم المالية واسس الإفصاح -الخصائص النوعية للوعلومات المحاسبية -مدى الإلزام بالخصائص النوعية -القواعد والأنظمة المهنية ومدى إلزامها لمراقبي الحسابات -التحقيق من توفر الخصائص النوعية في القوائم المالية لعينة من الشركات العراقية المدرجة في سوق العراق للأوراق المالية. | ||
| 653 | _aالمحاسبة | ||
| 653 | _aالمعلومات | ||
| 700 |
_aالبقاوي، عبد الكريم محمد سلمان _eمؤلف ثانوي |
||
| 942 | _cكتاب | ||
| 999 |
_c44798 _d44798 |
||